000 00873nam0a2200289 4500
001 RU\NLR\ONL2\3104
005 20250613124830.0
035 _a(NLR Aleph) 009650705
090 _a9572903
_c9572903
100 _a20050331d2002 |||y0rusy50 ca
101 0 _akrc
102 _aRU
105 _ay |||||||||
200 1 _aУлан борчу
_eНазмула
210 _aНальчик
_cЭльбрус
_d2002
215 _a177 с.
_d17
541 1 _6z01790
_aСыновий долг
_eСтихи
_zrus
686 1 _aШ6(2=Ба)7-5
700 1 _aМусукланы
_bМ.
_gМурадин
_4070
790 1 _6z01541
_aМусукаев
_bМ. А.
_gМурадин Абдуллаевич
_4070
801 0 _aRU
_bNLR
_c20050331
_gPSBO
852 _aNLR
_bОНЛ
_jБалк./2-1129
942 _cBOOK
980 _aNB
980 _aONL_RF